000 00402nam a2200181Ia 4500
001 9685
005 20260306161736.0
008 260306t2007||||xx |||||||||||||| ||spa||
041 _aESP
082 _a394.260984
_bF47
100 _aUnión latina
_eAUT
245 0 _aLa fiesta
260 _c2007
300 _a374 páginas :
_c28 cm.
650 _aGEN
654 _aCHU
942 _cLIB
_dJUS
_fJUS
_2ddc
_n
999 _c9685
_d9685